Métodos cuantitativos para administración : un enfoque de modelos y casos de estudio, con hoja de cálculo /

Contenido: Introducción; Programación lineal: conceptos básicos; Programación lineal: formulación y aplicaciones; Análisis de ‘qué pasa si’ para programación lineal; Problemas de transporte y de asignación; Problemas de optimización de redes; Administración de proyectos con PERT/CPM; Más allá de la...

Бүрэн тодорхойлолт

-д хадгалсан:
Номзүйн дэлгэрэнгүй
Үндсэн зохиолч: Hillier, Frederick S. (autor)
Бусад зохиолчид: Hillier, Mark S. (autor) (autor), Lieberman, Gerald J. (autor) (autor)
Формат: Ном
Хэл сонгох:испани
Хэвлэсэн: México : McGraw-Hill, 2002, c2002
Нөхцлүүд:
Шошгууд: Шошго нэмэх
Шошго байхгүй, Энэхүү баримтыг шошголох эхний хүн болох!

MARC

LEADER 00000nam^a2200000^a^4500
001 000184879
005 20250521000000.0
009 20260310102130.451
020 |a 970-10-3362-0 
037 |a Acervo ITESO - Biblioteca 
041 |a ESP 
082 |a 658. 4034  |b HIL 
100 |a Hillier, Frederick S.  |e (autor) 
240 1 1 |a [Métodos cuantitativos para administración] 
245 1 0 |a Métodos cuantitativos para administración :  |b un enfoque de modelos y casos de estudio, con hoja de cálculo /  |c F.S. Hillier, M.K. Hillier, G.J. Lieberman ; tr. por Andrés Lozano Hirschfeld. 
264 4 |a México :  |b McGraw-Hill,  |c 2002, c2002 
300 |a XVII, 855 p. +  |e 1 disco compacto de computadora 
336 |a texto  |b txt  |2 rdacontenido 
337 |a sin mediación  |b n  |2 rdamedio 
338 |a volumen  |b nc  |2 rdasoporte 
500 |a Traducción de: Introduction to Management Science. A Modeling and Case Studies Approach with Spreadsheets 
520 |a Contenido: Introducción; Programación lineal: conceptos básicos; Programación lineal: formulación y aplicaciones; Análisis de ‘qué pasa si’ para programación lineal; Problemas de transporte y de asignación; Problemas de optimización de redes; Administración de proyectos con PERT/CPM; Más allá de la programación lineal: Uso de programación entera binaria para decisiones sí o no; Análisis de decisiones; Administración de inventario con demanda incierta; Pronósticos; Modelos de colas; Simulación por computadora. 
649 |a XX 
650 |a Investigación de Operaciones -  |x Tema Principal 
650 |a Métodos de Simulación 
650 |a Toma de Decisiones 
650 |a Optimización 
650 |a Colas de Espera -  |x Teoría 
650 |a Programación Lineal 
650 |a Paquetes (Software) 
650 |a Probabilidad 
650 |a Administración de Proyectos -  |x PERT/CPM 
650 |a Ciencias Administrativas -  |x Metodología -  |x Tema Principal 
650 |a Ciencias Administrativas 
700 |a Hillier, Mark S.  |e (autor) 
700 |a Lieberman, Gerald J.  |e (autor) 
910 |a Fondo General 
920 |a Impresos - Libros 
930 |a Colección General 
905 |a 101 
901 |a 0500126174  |b IT1  |c ACC  |u 20250521 
901 |a 0500126177  |b IT2  |c SWS  |u 20250521 
902 |a https://opac.biblio.iteso.mx/vufind/Record/000184879